| 000 | 00453nam a2200157 a 4500 | ||
|---|---|---|---|
| 001 | 000033118 | ||
| 005 | 20200930070035.0 | ||
| 008 | 110817s1939 ag a 000 0 spa d | ||
| 040 |
_aDO-SdBNP _bspa _cBNPHU |
||
| 082 |
_axxxx _bE18u |
||
| 100 | 1 |
_aEchavarría, Colón _957906 |
|
| 245 | 1 | 3 |
_aLa última copa del festín / _cColón Echavarría. |
| 260 |
_aBuenos Aires, Argentina : _bCultura, _c1939. |
||
| 300 |
_a111 p. : _bil. ; _c18 cm. |
||
| 049 | _aBNPD | ||
| 999 |
_c32609 _d32609 |
||